000 00617nam a22001937a 4500
999 _c9929
_d9929
003 AR-CdUCM
008 190328b ||||| |||| 00| 0 spa d
040 _aMUNICIPALIDAD PROVINCIAL DEL CUSCO
_cBIBLIOTECA MUNICIPAL DEL CUSCO
082 _a574 /
_bP63 / 1925
100 _aPittaluga, Gustavo
_916706
245 _aUna teoria biologica del vicio /
260 _aMadrid :
_bCaro Raggio,
_c1925.
300 _a58 pƔginas ;
_c18.5 cm.
500 _aPublicaciones de la asociación de estudiantes de farmacia.
650 _aBiologia
_9881
650 _aVicio
_926480
942 _2ddc
_cLIBROS
945 _apjha
_d2019-05-13